Biblioteka Instytutu Północnego w Olsztynie

Widok standardowy Widok MARC

Pozycja Personal Name

Liczba rekordów, w których użyto hasła: 5

001 - Numer kontrolny

  • control field: 40327

003 - Identyfikator numeru kontrolnego

  • control field: NUKAT

005 - Data i czas ostatniej modyfikacji

  • control field: 20260420200114.0

008 - Dane kontrolne kodowane (40 znaków)

  • fixed length control field: 030205n||a|znnaabn |a aaa |c

010 ## - Numer kontrolny Biblioteki Kongresu

  • numer kontrolny LC: n 2003091526

040 ## - Instytucja sporządzająca rekord

  • inst. przygot. dane do rek. khw: POZN U/JJ
  • język haseł przedmiotowych/tezaurus: kaba
  • inst. wprow. rek. khw: POZN U/JJ
  • inst. modyf. rek. khw: WA U/EBA
  • inst. modyf. rek. khw: POZN U/KaK
  • inst. modyf. rek. khw: POZN U/JJ
  • inst. modyf. rek. khw: PZ 001/MaG

100 1# - Hasło - nazwa osobowa

  • nazwa osobowa w formie ujednoliconej: Janssen, Johannes
  • daty biograficzne: (1829-1891).

400 1# - Trop zob. - nazwa osobowa

  • nazwa osobowa (nazwisko, imiona): Janssen, Jean.

400 1# - Trop zob. - nazwa osobowa

  • nazwa osobowa (nazwisko, imiona): Ânsen, I.

400 1# - Trop zob. - nazwa osobowa

  • nazwa osobowa (nazwisko, imiona): Janssen, Joh.

400 1# - Trop zob. - nazwa osobowa

  • nazwa osobowa (nazwisko, imiona): Janssen, J.

670 ## - Źródło informacji

  • źródło informacji: Kp. Allgemeine Zustände des deutschen Volkes seit dem sogenannten Augsburger Regligionsfrieden vom Jahre 1555 bis zur Verkündigung der Concordienformel im Jahre 1580 / von Johannes Janssen. - 1. bis 12. Aufl. - Freiburg im Breisgau, 1885.

670 ## - Źródło informacji

  • źródło informacji: DDB online

670 ## - Źródło informacji

  • źródło informacji: LCA online

670 ## - Źródło informacji

  • źródło informacji: Oxford online

670 ## - Źródło informacji

  • źródło informacji: Das große Duden-Lexikon in acht Bänden. Bd. 4. - Mannheim, cop. 1966.

670 ## - Źródło informacji

  • źródło informacji: Kp. L'Allemagne et la Réforme. 1 / par Jean Janssen. - Paris, 1902.

670 ## - Źródło informacji

  • źródło informacji: Kp. Èkonomičeskoe pravovoe i političeskoe sostoânie germanskago naroda / I. Ânsen. - S.-Peterburg, 1898.

670 ## - Źródło informacji

  • źródło informacji: Kp. Rußland und Polen vor hundert Jahren / von Joh. Janssen. - Frankfurt a. M., 1865.

670 ## - Źródło informacji

  • źródło informacji: La Russie et la Pologne il y a un siècle / par J. Janssen. - Bruxelles, 1865.
Biblioteka Instytutu Północnego, ul. Partyzantów 87, 10-402 Olsztyn, email: biblioteka(at)ip.olsztyn.pl